HIV medicine 2007 (Record no. 479958)
[ view plain ]
| 000 -LEADER | |
|---|---|
| fixed length control field | 02893cam a22003614a 4500 |
| 001 - CONTROL NUMBER | |
| control field | 16492164 |
| 003 - CONTROL NUMBER IDENTIFIER | |
| control field | ASAB |
| 005 - DATE AND TIME OF LATEST TRANSACTION | |
| control field | 20180827062610.0 |
| 008 - FIXED-LENGTH DATA ELEMENTS--GENERAL INFORMATION | |
| fixed length control field | 101006s2010 gw a b 000 0 eng d |
| 010 ## - LIBRARY OF CONGRESS CONTROL NUMBER | |
| LC control number | 2010455973 |
| 020 ## - INTERNATIONAL STANDARD BOOK NUMBER | |
| International Standard Book Number | 3-924774-59-5 |
| 020 ## - INTERNATIONAL STANDARD BOOK NUMBER | |
| International Standard Book Number | 3-924774-59-5 |
| 035 ## - SYSTEM CONTROL NUMBER | |
| System control number | (OCoLC)ocn630453519 |
| 040 ## - CATALOGING SOURCE | |
| Original cataloging agency | BTCTA |
| Language of cataloging | eng |
| Transcribing agency | ASAB |
| Modifying agency | OHX |
| -- | EYM |
| -- | GWL |
| -- | DLC |
| 042 ## - AUTHENTICATION CODE | |
| Authentication code | lccopycat |
| 043 ## - GEOGRAPHIC AREA CODE | |
| Geographic area code | e------ |
| 050 00 - LIBRARY OF CONGRESS CALL NUMBER | |
| Item number | .D54 2010 |
| 100 ## - MAIN ENTRY--PERSONAL NAME | |
| Personal name | christian hoffman |
| 9 (RLIN) | 1495 |
| 245 00 - TITLE STATEMENT | |
| Title | HIV medicine 2007 |
| 300 ## - PHYSICAL DESCRIPTION | |
| Extent | 818 p. : |
| Other physical details | ill. ; |
| Dimensions | 23 cm. |
| 490 1# - SERIES STATEMENT | |
| Series statement | Schriftenreihe des Zentrums für Europäische Rechtspolitik an der Universität Bremen, ZERP ; |
| Volume/sequential designation | Bd. 58 |
| 500 ## - GENERAL NOTE | |
| General note | "This volume makes two things available to the public: the editor's legal expert opinion commissioned by the German Ministry of Health in early 2008 ... and the proceedings of a conference organised to discuss the opinion's findings in Bremen on 9-10 October 2008"--P. 9. |
| 504 ## - BIBLIOGRAPHY, ETC. NOTE | |
| Bibliography, etc. note | Includes bibliographical references. |
| 505 00 - FORMATTED CONTENTS NOTE | |
| Formatted contents note | General political and economic conditions affecting access to life-saving medicines in the enlarged European Union / Ortwin Schulte -- Differential pricing of patent-protected pharmaceuticals for life-threatening infectious-diseases inside Europe : can compulsory licenses be employed? / Christine Godt -- Community exhaustion : does European law allow for flexibility? / Werner Schroeder -- European competition law, community-wide exhaustion and compulsory licenses : disintegrating the internal market in the public interest / Hans Ullrich -- Differential pricing : piercing of fostering the IP incentive for public health? / Geertui van Overwalle -- Price differentiation and the conundrum of exhausting principles / Heinz Goddar -- Lessons to be learned in Europe from the international discourse on patents and public health / Jerome H. Reichman -- Differential pricing of pharmaceuticals : lessons from economic theory / Sabine Richard -- Pharmaceutical pricing policy in a global market : cross-border impact on the availability and prices / Valérie Paris -- Protection and regulation of pharmaceutical in Bulgaria / Nadia Ianeva -- Intellectual property rights and access to HIV medicines in Estonia / Aleksei Kelli -- Research incentives from a public health perspective : the role of public funded research / Christian Wagner-Ahlfs. |
| 650 #0 - SUBJECT ADDED ENTRY--TOPICAL TERM | |
| Topical term or geographic name entry element | Drugs |
| General subdivision | Law and legislation |
| Geographic subdivision | European Union countries. |
| 9 (RLIN) | 1496 |
| 650 #0 - SUBJECT ADDED ENTRY--TOPICAL TERM | |
| Topical term or geographic name entry element | Drugs |
| General subdivision | Prices |
| Geographic subdivision | European Union countries. |
| 9 (RLIN) | 1497 |
| 650 #0 - SUBJECT ADDED ENTRY--TOPICAL TERM | |
| Topical term or geographic name entry element | Drugs |
| Form subdivision | Patents. |
| 9 (RLIN) | 1498 |
| 650 #0 - SUBJECT ADDED ENTRY--TOPICAL TERM | |
| Topical term or geographic name entry element | Compulsory licensing of patents |
| Geographic subdivision | European Union countries. |
| 9 (RLIN) | 1499 |
| 650 #0 - SUBJECT ADDED ENTRY--TOPICAL TERM | |
| Topical term or geographic name entry element | Pharmaceutical industry |
| Geographic subdivision | European Union countries. |
| 9 (RLIN) | 1500 |
| 700 1# - ADDED ENTRY--PERSONAL NAME | |
| Personal name | Godt, Christine, |
| Dates associated with a name | 1964- |
| 9 (RLIN) | 1501 |
| 830 #0 - SERIES ADDED ENTRY--UNIFORM TITLE | |
| Uniform title | Schriftenreihe des Zentrums für Europäische Rechtspolitik an der Universität Bremen, ZERP ; |
| Volume/sequential designation | Bd. 58 |
| 9 (RLIN) | 1502 |
| 942 ## - ADDED ENTRY ELEMENTS (KOHA) | |
| Source of classification or shelving scheme | |
| Koha item type | Book |
| Withdrawn status | Lost status | Source of classification or shelving scheme | Damaged status | Not for loan | Collection code | Permanent Location | Current Location | Date acquired | Total Checkouts | Full call number | Barcode | Date last seen | Date last checked out | Price effective from | Koha item type |
|---|---|---|---|---|---|---|---|---|---|---|---|---|---|---|---|
| Atta-ur-Rahman School of Applied Biosciences (ASAB) | Atta-ur-Rahman School of Applied Biosciences (ASAB) | 01/26/2016 | 2 | 362.19 HOF | ASAB1189 | 01/03/2018 | 11/21/2016 | 01/26/2016 | Book | ||||||
| Atta-ur-Rahman School of Applied Biosciences (ASAB) | Atta-ur-Rahman School of Applied Biosciences (ASAB) | 01/26/2016 | 362.19 HOF | ASAB1188 | 01/26/2016 | 01/26/2016 | Book | ||||||||
| Atta-ur-Rahman School of Applied Biosciences (ASAB) | Atta-ur-Rahman School of Applied Biosciences (ASAB) | 01/26/2016 | 362.19 HOF | ASAB1187 | 01/26/2016 | 01/26/2016 | Book | ||||||||
| Atta-ur-Rahman School of Applied Biosciences (ASAB) | Atta-ur-Rahman School of Applied Biosciences (ASAB) | 01/26/2016 | 362.19 HOF | ASAB1186 | 01/26/2016 | 01/26/2016 | Book | ||||||||
| Atta-ur-Rahman School of Applied Biosciences (ASAB) | Atta-ur-Rahman School of Applied Biosciences (ASAB) | 01/26/2016 | 362.19 HOF | ASAB1185 | 01/26/2016 | 01/26/2016 | Book |
